Τα ημερολόγια (1898-1918)

Αποθηκεύτηκε σε:
Λεπτομέρειες βιβλιογραφικής εγγραφής
Κύριος συγγραφέας: Klee, Paul, 1879-1940
Άλλοι συγγραφείς: Κεντρωτής, Γιώργος Δ., 1958- (Μεταφραστής)
Μορφή: Βιβλίο
Γλώσσα:Greek
German
Δημοσίευση: Αθήνα : Νεφέλη, 1985-1986.
Σειρά:Βιβλιοθήκη της τέχνης
Θέματα:
Ετικέτες: Προσθήκη ετικέτας
Δεν υπάρχουν, Καταχωρήστε ετικέτα πρώτοι!

MARC

LEADER 00000cam a2200000 i 4500
001 1/36864
008 980518m19851986gr | ||| |||| ||gre||
035 |l 10070149 
040 |a GR-MyUa  |b gre  |e AACR2 
041 1 |a gre  |h ger 
082 7 |a 700.92   |2 (22) 
082 7 |a 759.9494   |2 (21) 
100 1 |a Klee, Paul,   |d 1879-1940. 
245 1 3 |a Τα ημερολόγια (1898-1918) /   |c Πάουλ Κλεέ ; μετάφραση-σημειώσεις Γιώργος Δ. Κεντρωτής. 
260 |a Αθήνα :   |b Νεφέλη,   |c 1985-1986. 
300 |a 2 τ. :   |b εικ. ;   |c 22 εκ. 
490 1 |a (Βιβλιοθήκη της τέχνης) 
500 |a Τίτλος πρωτοτύπου: Paul Klee Tagebucher, 1898-1918. 
600 1 0 |a Klee, Paul,   |d 1879-1940  |x Diaries. 
650 0 |a Artists  |z Germany  |x Diaries. 
700 1 |a Κεντρωτής, Γιώργος Δ.,   |d 1958-  |e trl 
830 0 |a Βιβλιοθήκη της τέχνης 
852 |a INST  |b RHODES  |e 19980518  |h 759.9494 KLE  |p 005400006485  |q 005400006485  |t BK  |y 0  |z τ.1 
852 |a INST  |b RHODES  |e 19980518  |h 759.9494 KLE  |p 005400006486  |q 005400006486  |t BK  |y 0  |z τ.2 
852 |a INST  |b RHODES  |e 19980518  |h 759.9494 KLE  |p 005400006485  |q 005400006485  |t BK  |v τ.1:  |y 0  |z τ.1 
852 |a INST  |b RHODES  |e 19980518  |h 759.9494 KLE  |p 005400006486  |q 005400006486  |t BK  |v τ.2:  |y 0  |z τ.2 
852 |a INST  |b SYROS  |e 20030614  |h 700.92 KLE  |p 005500003307  |q 005500003307  |t BK  |y 0  |z τ.1 
852 |a INST  |b SYROS  |e 20030630  |h 700.92 KLE  |p 005500003308  |q 005500003308  |t BK  |y 0  |z τ.2 
852 |a INST  |b SYROS  |e 20030614  |h 700.92 KLE  |p 005500003307  |q 005500003307  |t BK  |v τ.1:  |y 0  |z τ.1 
852 |a INST  |b SYROS  |e 20030630  |h 700.92 KLE  |p 005500003308  |q 005500003308  |t BK  |v τ.2:  |y 0  |z τ.2 
853 |a INST  |b RHODES  |h 759.9494 KLE 
853 |a INST  |b SYROS  |h 700.92 KLE 
901 |a BIBL5-2003-2 
901 |a BIBL-1998-1 
922 |a 5ΕΛΗ  |b 200210  |c Βιβλιοθήκη Σύρου  |d Παπασωτηρίου 
922 |a 4ΕΛΗ  |b 199802  |c ΚΠΣ/Ν  |d EMVASIS 
950 |a 188-2002-10-23 
970 |a Μανωλαράκη  |b Μαρία  |z 30/06/2003